000 00906nas a2200301 4500
001 BR9900320
003 BR-BrBNA
005 20231205101202.0
007 ta
008 230509b bl.|||p| |||| 00| 00por d
040 _aBR-BrBNA
_bpor
_cBiblioteca Nacional de Agricultura
041 _a(Pt)
072 _aL53
100 1 _aRibeiro Filho, O.P.
100 1 _aAndrade, D.R.
100 1 _aLima, S.L.
100 1 _aSeixas Filho, J.T. de
100 1 _aGoncalves, S.
245 1 _aReproducao induzida de ra-Touro (Rana catesbeiana, Shaw, 1802)com uso de extrato bruto hipofisario
650 _aRa Touro
650 _aReproducao Animal
650 _aHipofise
650 _aOvulacao
650 _aDesova
773 0 _tRevista Brasileira de Zootecnia (Brazil)
_xISSN 0100-4859
_g(Jul-Aug 1998), v. 27(4) p. 658-663
_wBR9900320
909 _a202311
_bLúcia
_c55
_dLúcia Elande
942 _2AGRIS
_n0
_cANA
999 _c160293
_d160293